000 00569nam a2200217Ia 4500
003 GCL
008 140319s9999 xx 000 0 eng d
040 _aGCL /
_cGCL
082 0 4 _a624.171
_bS E
100 1 _aSINHA, N.C.
245 1 0 _aELEMENTS OF STRUCTURAL MECHANICS /
_cSINHA, N.C.
700 1 _aGUPTA, N.C.
700 1 _aGUPTA, S.K.SEN
260 _a[S.N] :
_bS. CHAND & COMPANY LTD ،
_c1987
300 _a521 P
650 0 4 _aالتحليل الرياضى
650 0 4 _aCIVIL ENGINEERING
650 0 4 _aMECHANICS
650 0 4 _aBUILDING
942 _2ddc
_cBK
999 _c19759
_d19759